| 000 | 00456nam a2200181Ia 4500 | ||
|---|---|---|---|
| 003 | GCL | ||
| 008 | 140319s9999 xx 000 0 eng d | ||
| 040 |
_aGCL / _cGCL |
||
| 082 | 0 | 4 |
_a956.94 _bL I |
| 100 | 1 | _aLUGOL, JEAN | |
| 245 | 1 | 0 |
_aISRAEL ET LE CIVILISATION / _cLUGOL, JEAN |
| 260 |
_a[S.N] : _bMAISONS DE L'ANTIQUE MESPOTAMIE |
||
| 300 | _a270 | ||
| 650 | 0 | 4 | _aCIVILIZATION |
| 650 | 0 | 4 | _aISRAEL |
| 650 | 0 | 4 | _aISRAEL CIVILISATION |
| 942 |
_2ddc _cBK |
||
| 999 |
_c15343 _d15343 |
||